Countries With The Highest Quality Of Life - With Exceptions - Statistics

General Stats
  • This quiz has been taken 37 times
  • The average score is 25 of 30
Answer Stats
Index Country % Correct
178.41 Australia
100%
163.60 Canada
100%
173.60 New Zealand
100%
124.73 South Korea
100%
156.97 United Arab Emirates
100%
159.83 United States
100%
164.06 Japan
97%
151.48 Qatar
97%
121.91 Chile
93%
140.65 Israel
93%
168.82 Oman
90%
144.69 Saudi Arabia
90%
146.48 Singapore
90%
112.67 Argentina
86%
116.27 Kuwait
86%
131.37 Uruguay
86%
112.13 Brazil
83%
102.16 Colombia
83%
116.62 Panama
79%
124.19 Costa Rica
76%
120.42 Turkey
76%
108.25 Mexico
72%
103.16 China
69%
107.80 Ecuador
69%
119.82 Malaysia
69%
113.67 Georgia
62%
107.15 South Africa
62%
146.08 Cyprus
59%
115.02 Jordan
59%
105.04 Morocco
55%
No matching quizzes found
Score Distribution
Percent of People with Each Score
Percentile by Number Answered
Your Score History
You have not taken this quiz